000 00669nam a2200205Ii 4500
003 JO-AjNU
008 230605s9999||||xx |||||||||||||| ||und||
040 _aJO-AjNU
_bara
_erda
_cJO-AjNU
041 _aara
050 1 4 _aJF1411.T3942 1982
100 3 _aالطيب، حسن أبشر,
_eauthor
_914105
245 0 0 _aالتنمية الادارية بين النظرية ومكونات التجربة العملية
250 _aط1
264 3 1 _aبيروت: دار الجيل، 1982
300 _a264ص
336 _atext
_btxt
_2rdacontent
337 _aunmediated
_bn
_2rdamedia
338 _avolume
_bnc
_2rdacarrier
650 4 _aالادارة العامة
_914106
999 _aA3683
_c7251
_d7251